000 00456nam a22001577a 4500
003 CEME
005 20210628203206.0
008 210420b xxu||||| |||| 00| 0 eng d
040 _c.
082 _a531.12 RAM'S
100 _aRamsey, A. S
_922354
245 _aStatics , a text book for the use of the higher division in school and for first year students at the universities
260 _aLONDON
_bCANBRIDGE
_c1949
300 _a296P
942 _cBK
_2ddc
999 _c572580
_d572580